000 00370nam a2200145Ia 4500
008 220204s9999 xx 000 0 und d
020 _a0132606887
082 _a634
_bRIC
100 _aRice, Laura Williams
245 0 _aPractical horticulture
260 _aNew Jersey
_bPrentice Hall
_c1997
650 _aLandscape planning
700 _aRice, Robert P
942 _cBK
999 _c42657
_d42657